Carlos Marx : Esbozo Biográfico

Sábháilte in:
Sonraí bibleagrafaíochta
Príomhchruthaitheoir: Stepanova, E.
Formáid: LEABHAR
Teanga:Undetermined
Foilsithe / Cruthaithe: Moscú, Rusia Editorial Progreso [s.f.]
Ábhair:
Clibeanna: Cuir clib leis
Níl clibeanna ann, Bí ar an gcéad duine le clib a chur leis an taifead seo!

MARC

LEADER 00000nam a2200000Ia 4500
008 170316s9999 xx 000 0 und d
090 |a 100 S-64.1c 
100 |a Stepanova, E. 
245 |a Carlos Marx : Esbozo Biográfico 
260 |a Moscú, Rusia 
260 |b Editorial Progreso 
260 |c [s.f.] 
300 |a 119 páginas 
650 |a FILOSOFÍA 
650 |a BIOGRAFÍAS 
999 |c 17699  |d 17699 
040 |a cru BVZT 
942 |c 15 D  |h 100 S-64.1c  |2 z